| 000 | 00389nam a22001217a 4500 | ||
|---|---|---|---|
| 999 |
_c130277 _d130277 |
||
| 008 | 200203b ||||| |||| 00| 0 eng d | ||
| 050 | _aPR9390.5.Z71 1998 | ||
| 245 |
_aPoetry and short stories _cZimbabwe Women Writers |
||
| 260 |
_aHarare _bZimbabwe Women Writers _c1998 |
||
| 300 |
_a108p. ; _c21cm. |
||
| 650 |
_aEnglish literature _xCollections _zZimbabwe _949301 |
||
| 942 |
_2lcc _cMONOGRAPH |
||